000 nam a22 7a 4500
999 _c233592
_d233592
003 Nust
005 20170309110408.0
008 170309b xxu||||| |||| 00| 0 eng d
040 _cDLC
082 _a005 OST
100 _aOstriker,J.P.
245 _aA Data Based Assessment of Research Doctorate Programs in the United States
942 _2ddc
_cBK